|
|
|
|
| LEADER |
00000nam0a2200000 4500 |
| 001 |
221461 |
| 005 |
20231101230412.0 |
| 020 |
|
|
|a RU
|b 83-92491
|
| 035 |
|
|
|a (RuTPU)RU\TPU\book\241615
|
| 090 |
|
|
|a 221461
|
| 100 |
|
|
|a 20120911d1983 de y0rusy5003 ca
|
| 101 |
0 |
|
|a rus
|
| 102 |
|
|
|a RU
|
| 105 |
|
|
|a y z 000ay
|
| 200 |
1 |
|
|a Карусели над городом
|e повесть, в которой правда всё, кроме выдумки
|f Ю. Г. Томин
|g авт. предисл. Н. Внуков ; худож. Ю. Бочкарев
|
| 210 |
|
|
|a Ленинград
|c Детская литература
|c Ленинградскон отделение
|d 1983
|
| 215 |
|
|
|a 206 с.
|c ил., портр.
|
| 330 |
|
|
|a Повесть о современном школьнике Борисе Куликове, которому пришлось волею случая стать участником необычного эксперимента
|
| 606 |
1 |
|
|a Русская литература современная
|2 stltpush
|3 (RuTPU)RU\TPU\subj\26373
|9 50316
|
| 610 |
1 |
|
|a советская литература
|
| 610 |
1 |
|
|a детская литература
|
| 610 |
1 |
|
|a повести
|
| 675 |
|
|
|a Р2
|v 3
|
| 700 |
|
1 |
|a Томин
|b Ю. Г.
|g Юрий Геннадиевич
|4 070
|
| 702 |
|
1 |
|a Внуков
|b Н.
|4 080
|
| 702 |
|
1 |
|a Бочкарев
|b Ю.
|4 440
|
| 801 |
|
0 |
|a RU
|b RuMRKP
|c 19950704
|g psbo
|
| 801 |
|
1 |
|a RU
|b 63413507
|c 20120911
|
| 801 |
|
2 |
|a RU
|b 63413507
|c 20220118
|g RCR
|
| 942 |
|
|
|c BK
|